Help the USA From a Civil War - Statistics

General Stats
  • This quiz has been taken 42 times
  • The average score is 16 of 30
Answer Stats
Countries Helping % Correct
United Kingdom
95%
France
92%
Canada
87%
Germany
85%
Mexico
85%
Italy
82%
Australia
74%
Brazil
72%
Ireland
67%
Poland
64%
New Zealand
62%
Sweden
59%
Israel
54%
Greece
51%
Ukraine
51%
Belgium
49%
Denmark
49%
Chile
46%
Egypt
41%
Indonesia
41%
Philippines
41%
Columbia
36%
Saudi Arabia
33%
Taiwan
33%
Vietnam
33%
Nigeria
28%
Hungary
23%
Liberia
21%
Kosovo
15%
Togo
5%
No matching quizzes found
Score Distribution
Percent of People with Each Score
Percentile by Number Answered
Your Score History
You have not taken this quiz